Представление документа в формате MARC21

Поле Инд. ПП Название Значение
Тип записи a
Библиографический уровень m
001 Контрольный номер b11e28759d2a48c0b80487383497567e
005 Дата корректировки 20161118150900.3
008 Кодируемые данные 060627
020 c Цена, тираж 43.00
040 a Служба первич. каталог. НБ ТвГУ
041 a Код языка текста rus
080 a Индекс УДК 37.014(470)(060.55)
084 a Индекс другой классификации/Индекс ББК Ч34(2Рос)я54
090 x Авторский знак Р76
a Полочн. индекс Ч34(2Рос)
110 0_ a Организация/ юрисдикция Российский общественный совет по развитию образования (РОСРО)
245 00 a Заглавие Вестник Российского общественного совета по развитию образования
n Номер части/ раздела Вып. 5
c Ответственность [гл. ред. Т. В. Пискарева]
260 0_ a Место издания Москва
b Издательство ГУ ВШЭ
c Дата издания 2002
300 a Объем 70, [1] с.
583 a Действие Получение впервые 245 27.06.2006
k Исполнитель действия Дар РОСНО
650 a Основная рубрика Образование
x Основная подрубрика Подготовка специалистов
z Географическая подрубрика Российская Федерация
653 a Ключевые слова Образование в России
a Ключевые слова Педагогические кадры
a Ключевые слова Профессиональная подготовка педагогов
700 1_ a Другие авторы Пискарева Т. В.
e Роль лиц гл. ред.
852 t Порядковый номер экземпляра 1
p Инвентарный номер 845722
888 a Бесплатные
952 p 245.2006 43.00 1 845722
c Вид литературы К рн
954 a Дата поступления на обработку 20060628
999 a Подразделение 2 ч.з.